Documentos diplomáticos (Record no. 183727)

MARC details
000 -LEADER
campo de control de longitud fija 00727nam a2200157 i 4500
001 - NÚMERO DE CONTROL
campo de control 183727
003 - IDENTIFICADOR DE NÚMERO DE CONTROL
campo de control ES-MaACL
005 - FECHA Y HORA DE LA ÚLTIMA TRANSACCIÓN
campo de control 20230906221947.0
008 - DATOS DE LONGITUD FIJA--INFORMACIÓN GENERAL
campo de control de longitud fija 141003s1914 sp |||| | spa d
245 00 - MENCIÓN DEL TÍTULO
Título Documentos diplomáticos
Resto del título : 1914 La Guerra europea.
Número de parte o sección de la obra I,
Nombre de parte o sección de la obra Documentos relativos á las negociaciones que han precedido á las declaraciones de guerra por Alemania á Rusia (1º de Agosto de 1914). y á Francia (3 de Agosto de 1914). Declaración del 4 de septiembre de 1914.
260 ## - PUBLICACIÓN, DISTRIBUCIÓN, ETC.
Lugar de publicación, distribución, etc. Madrid :
Nombre del editor, distribuidor, etc. P. Orrier,
Fecha de publicación, distribución, etc. 1914.
300 ## - DESCRIPCIÓN FÍSICA
Extensión 215 p. ;
Dimensiones 29 cm.
594 ## - Nota al título y mención de responsabilidad
Nota al título y mención de responsabilidad Prec. tít.: Ministerio de Negocios Extranjeros.
650 04 - PUNTO DE ACCESO ADICIONAL DE MATERIA--TÉRMINO DE MATERIA
Término de materia o nombre geográfico como elemento de entrada Guerra mundial, 1914-1918-
Subdivisión general Historia diplomática.
9 (RLIN) 13221
852 ## - LOCALIZACIÓN
Ubicación ES-MaACL
Número de control de estantería T-1457-F-6
Holdings
Estatus retirado Estado de pérdida Estado de daño No para préstamo Colección Biblioteca de origen Biblioteca actual Ubicación en estantería Fecha de adquisición Fuente de adquisición Total de préstamos Signatura topográfica completa Código de barras Visto por última vez Precio de reemplazo Tipo de ítem Koha
        Colección de folletos Biblioteca del Ateneo de Madrid Biblioteca del Ateneo de Madrid Depósito folletos 03/10/2014     T-1457-F-6 1193160 23/02/2023 23/02/2023 Folleto